<?xml version="1.0" encoding="UTF-8"?>
<record
    xmlns:xsi="http://www.w3.org/2001/XMLSchema-instance"
    xsi:schemaLocation="http://www.loc.gov/MARC21/slim http://www.loc.gov/standards/marcxml/schema/MARC21slim.xsd"
    xmlns="http://www.loc.gov/MARC21/slim">

  <leader>00651nam a22001937a 4500</leader>
  <datafield tag="999" ind1=" " ind2=" ">
    <subfield code="c">17280</subfield>
    <subfield code="d">17280</subfield>
  </datafield>
  <controlfield tag="003">AR-CdUCM</controlfield>
  <controlfield tag="008">190508b           ||||| |||| 00| 0 spa d</controlfield>
  <datafield tag="040" ind1=" " ind2=" ">
    <subfield code="a">MUNICIPALIDAD PROVINCIAL DEL CUSCO</subfield>
    <subfield code="c">BIBLIOTECA MUNICIPAL DEL CUSCO</subfield>
  </datafield>
  <datafield tag="082" ind1=" " ind2=" ">
    <subfield code="a">928 /</subfield>
    <subfield code="b">P77</subfield>
  </datafield>
  <datafield tag="100" ind1=" " ind2=" ">
    <subfield code="a">Ponce, Anibal</subfield>
  </datafield>
  <datafield tag="245" ind1=" " ind2=" ">
    <subfield code="a">Los autores y los libros /</subfield>
  </datafield>
  <datafield tag="260" ind1=" " ind2=" ">
    <subfield code="a">Buenos Aires :</subfield>
    <subfield code="b">El viento en el mundo,</subfield>
    <subfield code="c">1970.</subfield>
  </datafield>
  <datafield tag="300" ind1=" " ind2=" ">
    <subfield code="a">297 p&#xE1;ginas ;</subfield>
    <subfield code="c">20.5 cm.</subfield>
  </datafield>
  <datafield tag="505" ind1=" " ind2=" ">
    <subfield code="a">Contenido: Explicaci&#xF3;n -- Sobre Blomberg, las puertas de Babel -- Carlos Alberto Leumann...</subfield>
  </datafield>
  <datafield tag="650" ind1=" " ind2=" ">
    <subfield code="a">Autores</subfield>
    <subfield code="9">730</subfield>
  </datafield>
  <datafield tag="650" ind1=" " ind2=" ">
    <subfield code="a">Filosof&#xED;a</subfield>
    <subfield code="9">395</subfield>
  </datafield>
  <datafield tag="942" ind1=" " ind2=" ">
    <subfield code="2">ddc</subfield>
    <subfield code="c">LIBROS</subfield>
  </datafield>
  <datafield tag="945" ind1=" " ind2=" ">
    <subfield code="a">acv</subfield>
    <subfield code="d">2019-05-08</subfield>
  </datafield>
  <datafield tag="952" ind1=" " ind2=" ">
    <subfield code="0">0</subfield>
    <subfield code="2">ddc</subfield>
    <subfield code="4">0</subfield>
    <subfield code="7">0</subfield>
    <subfield code="a">SH</subfield>
    <subfield code="b">SH</subfield>
    <subfield code="c">CART</subfield>
    <subfield code="d">2019-05-08</subfield>
    <subfield code="g">20.00</subfield>
    <subfield code="o">928 / P77</subfield>
    <subfield code="p">SH0000012453</subfield>
    <subfield code="r">2019-05-08</subfield>
    <subfield code="y">LIBROS</subfield>
  </datafield>
</record>
